Opatrenia Národnej banky Slovenska z 12. decembra 2002 ...
Opatrenia Národnej banky Slovenska ... o spôsobe tvorby, štruktúre a zozname konštantných symbolov používaných v platobnom styku. Pripojený je kurzový lístok platný v roku 2002.
Salvato in:
| Natura: | Capitolo di libro |
|---|---|
| Lingua: | slovacco |
| Soggetti: | |
| Tags: |
Nessun Tag, puoi essere il primo ad aggiungerne!!
|
MARC
| LEADER | 00000naa a2200000 4500 | ||
|---|---|---|---|
| 001 | r048196 | ||
| 005 | 20230927071309.8 | ||
| 041 | 0 | |a slo | |
| 044 | |a SK | ||
| 245 | 1 | 0 | |a Opatrenia Národnej banky Slovenska z 12. decembra 2002 ... |
| 520 | |a Opatrenia Národnej banky Slovenska ... o spôsobe tvorby, štruktúre a zozname konštantných symbolov používaných v platobnom styku. Pripojený je kurzový lístok platný v roku 2002. | ||
| 610 | 2 | 0 | |a NBS Bratislava |
| 610 | 2 | 0 | |a styk platobný |
| 610 | 2 | 0 | |a symboly |